Phonemic awareness / (Record no. 8693)

MARC details
000 -LEADER
fixed length control field 01074nam a22002297a 4500
001 - CONTROL NUMBER
control field 8693
003 - CONTROL NUMBER IDENTIFIER
control field FISKH
005 - DATE AND TIME OF LATEST TRANSACTION
control field 20251010152446.0
008 - FIXED-LENGTH DATA ELEMENTS--GENERAL INFORMATION
fixed length control field 251010b cb ||||| |||| 00| 0 eng d
020 ## - INTERNATIONAL STANDARD BOOK NUMBER
International Standard Book Number 9781574712315
040 ## - CATALOGING SOURCE
Original cataloging agency FISKH
Language of cataloging eng
Transcribing agency FISKH
Modifying agency FISKH
082 ## - DEWEY DECIMAL CLASSIFICATION NUMBER
Classification number 372.6
100 ## - MAIN ENTRY--PERSONAL NAME
Personal name Fitzpatrick, Jo
245 ## - TITLE STATEMENT
Title Phonemic awareness /
Statement of responsibility, etc. Written by Jo Fitzpatrick ; Illustrator : Catherine Yuh
260 ## - PUBLICATION, DISTRIBUTION, ETC.
Place of publication, distribution, etc. California :
Name of publisher, distributor, etc. Creative Teaching Press,
Date of publication, distribution, etc. 1997.
300 ## - PHYSICAL DESCRIPTION
Extent 128 pages :
Other physical details color illustrations ;
Dimensions 28 cm
520 ## - SUMMARY, ETC.
Summary, etc. This book provides engaging and easy-to-use activities that help children develop phonemic awareness, a foundational skill for reading success. It focuses on identifying, segmenting, blending, and manipulating sounds in words through rhymes, chants, games, and hands-on exercises. The book is designed for teachers working with early learners or students who need additional phonics support.
650 ## - SUBJECT ADDED ENTRY--TOPICAL TERM
Topical term or geographic name entry element Phonics
Form subdivision Reading Skills
General subdivision Phonemic Awareness
700 ## - ADDED ENTRY--PERSONAL NAME
Personal name Yuh, Catherine
Relator term Illustrator
942 ## - ADDED ENTRY ELEMENTS (KOHA)
Source of classification or shelving scheme Dewey Decimal Classification
Koha item type Books
Suppress in OPAC No
Holdings
Withdrawn status Lost status Source of classification or shelving scheme Damaged status Not for loan Collection Home library Current library Shelving location Date acquired Total Checkouts Full call number Barcode Date last seen Copy number Price effective from Koha item type
    Dewey Decimal Classification     Reference Footprints International School Library Network Toul Kork Campus Footprints International School Library Network Toul Kork Campus Librarian's Shelf TK 10/10/2025   FIT 372.6 PZ7 2025-4540 10/10/2025 1 10/10/2025 Books